Rhyming Surname Trios Quiz Stats

Quiz Updated Aug 3, 2015

Also try: Famous Threesomes
Challenge
Share
Tweet
Embed
Score 0/54 Timer 10:00
2 Plays Today
% Correct
Perry
98.2%
Berry
92.9%
Stiller
90.6%
Kerry
89.8%
Fanning
87.2%
Sandler
87.1%
Manson
86.9%
Miller
86.6%
Keller
86.1%
Manning
85.1%
Olsen
83.5%
Taylor
80.6%
Danson
78.5%
Diller
77.6%
Candy
76.7%
Keaton
75.1%
Farrow
74.2%
Jenner
73.8%
Spacey
73.4%
Bauer
73.3%
Romo
73.2%
Handler
73.2%
Channing
71.5%
Lauer
71.1%
Como
70.1%
Tandy
68.1%
Branson
67.7%
% Correct
Carvey
67%
Harvey
65.5%
Chandler
62.2%
Merman
62%
Wheaton
59.5%
Heaton
59%
Geller
58.7%
Mailer
57.8%
Sherman
57.1%
Haley
57%
Gacy
57%
Darrow
56.8%
Henner
56.4%
Daly
56.2%
Baylor
56.2%
Bailey
55.3%
Basie
54.6%
Renner
53.9%
Molson
51.9%
Nomo
45.9%
Power
44.5%
Handy
43.2%
Zoeller
38.3%
Garvey
37.5%
Luhrmann
29.2%
Colson
26%
Yarrow
24.1%

You're not logged in!

Compare scores with friends on all Sporcle quizzes.
Join for Free
OR
Log In

You Might Also Like...

Show Comments

Extras

Top Quizzes Today


Score Distribution

Your Account Isn't Verified!

In order to create a playlist on Sporcle, you need to verify the email address you used during registration. Go to your Sporcle Settings to finish the process.

Report this User

Report this user for behavior that violates our Community Guidelines.

Details: